<?xml version="1.0" encoding="UTF-8"?>
<record
    xmlns:xsi="http://www.w3.org/2001/XMLSchema-instance"
    xsi:schemaLocation="http://www.loc.gov/MARC21/slim http://www.loc.gov/standards/marcxml/schema/MARC21slim.xsd"
    xmlns="http://www.loc.gov/MARC21/slim">

  <leader>00378nam a2200169Ia 4500</leader>
  <controlfield tag="003">OSt</controlfield>
  <controlfield tag="008">191201s2011    xx            000 0 und d</controlfield>
  <datafield tag="020" ind1=" " ind2=" ">
    <subfield code="a">9780070701946</subfield>
  </datafield>
  <datafield tag="082" ind1=" " ind2=" ">
    <subfield code="a">005.72 POC</subfield>
  </datafield>
  <datafield tag="100" ind1=" " ind2=" ">
    <subfield code="a">POWELL,Thomas A</subfield>
  </datafield>
  <datafield tag="245" ind1=" " ind2="0">
    <subfield code="a">Complete Reference HTML &amp; CSS</subfield>
  </datafield>
  <datafield tag="250" ind1=" " ind2=" ">
    <subfield code="a">Rep</subfield>
  </datafield>
  <datafield tag="260" ind1=" " ind2=" ">
    <subfield code="a">New Delhi</subfield>
    <subfield code="b">TMH</subfield>
    <subfield code="c">2011</subfield>
  </datafield>
  <datafield tag="300" ind1=" " ind2=" ">
    <subfield code="a">832</subfield>
  </datafield>
  <datafield tag="650" ind1=" " ind2=" ">
    <subfield code="a">MCA</subfield>
  </datafield>
  <datafield tag="942" ind1=" " ind2=" ">
    <subfield code="2">ddc</subfield>
    <subfield code="c">BK</subfield>
  </datafield>
  <datafield tag="999" ind1=" " ind2=" ">
    <subfield code="c">4719</subfield>
    <subfield code="d">4719</subfield>
  </datafield>
  <datafield tag="952" ind1=" " ind2=" ">
    <subfield code="0">0</subfield>
    <subfield code="1">0</subfield>
    <subfield code="2">ddc</subfield>
    <subfield code="4">0</subfield>
    <subfield code="7">0</subfield>
    <subfield code="8">CSECS</subfield>
    <subfield code="a">PIET</subfield>
    <subfield code="b">PIET</subfield>
    <subfield code="d">2010-12-14</subfield>
    <subfield code="e">The book company</subfield>
    <subfield code="g">495.00</subfield>
    <subfield code="k">IN-5482</subfield>
    <subfield code="l">1</subfield>
    <subfield code="o">005.72 POC</subfield>
    <subfield code="p">17160</subfield>
    <subfield code="r">2024-02-14 00:00:00</subfield>
    <subfield code="s">2024-01-30</subfield>
    <subfield code="w">2010-12-09</subfield>
    <subfield code="y">BK</subfield>
  </datafield>
  <datafield tag="952" ind1=" " ind2=" ">
    <subfield code="0">0</subfield>
    <subfield code="1">0</subfield>
    <subfield code="2">ddc</subfield>
    <subfield code="4">0</subfield>
    <subfield code="7">0</subfield>
    <subfield code="8">BTECHCSE</subfield>
    <subfield code="a">PIET</subfield>
    <subfield code="b">PIET</subfield>
    <subfield code="d">2010-12-14</subfield>
    <subfield code="e">The book company</subfield>
    <subfield code="g">495.00</subfield>
    <subfield code="k">IN-5482</subfield>
    <subfield code="l">3</subfield>
    <subfield code="o">005.72 POC</subfield>
    <subfield code="p">17161</subfield>
    <subfield code="r">2025-04-04 00:00:00</subfield>
    <subfield code="s">2025-04-02</subfield>
    <subfield code="w">2010-12-09</subfield>
    <subfield code="y">BK</subfield>
  </datafield>
  <datafield tag="952" ind1=" " ind2=" ">
    <subfield code="0">0</subfield>
    <subfield code="1">0</subfield>
    <subfield code="2">ddc</subfield>
    <subfield code="4">0</subfield>
    <subfield code="7">0</subfield>
    <subfield code="8">CSECS</subfield>
    <subfield code="a">PIET</subfield>
    <subfield code="b">PIET</subfield>
    <subfield code="d">2010-12-14</subfield>
    <subfield code="e">The book company</subfield>
    <subfield code="g">495.00</subfield>
    <subfield code="k">IN-5482</subfield>
    <subfield code="l">1</subfield>
    <subfield code="o">005.72 POC</subfield>
    <subfield code="p">17162</subfield>
    <subfield code="r">2021-02-25 00:00:00</subfield>
    <subfield code="s">2020-10-13</subfield>
    <subfield code="w">2010-12-09</subfield>
    <subfield code="y">BK</subfield>
  </datafield>
  <datafield tag="952" ind1=" " ind2=" ">
    <subfield code="0">0</subfield>
    <subfield code="1">0</subfield>
    <subfield code="2">ddc</subfield>
    <subfield code="4">0</subfield>
    <subfield code="7">0</subfield>
    <subfield code="8">CSECS</subfield>
    <subfield code="a">PIET</subfield>
    <subfield code="b">PIET</subfield>
    <subfield code="d">2010-12-14</subfield>
    <subfield code="e">The book company</subfield>
    <subfield code="g">495.00</subfield>
    <subfield code="k">IN-5482</subfield>
    <subfield code="l">1</subfield>
    <subfield code="o">005.72 POC</subfield>
    <subfield code="p">17163</subfield>
    <subfield code="r">2021-07-14 00:00:00</subfield>
    <subfield code="s">2021-04-19</subfield>
    <subfield code="w">2010-12-09</subfield>
    <subfield code="y">BK</subfield>
  </datafield>
  <datafield tag="952" ind1=" " ind2=" ">
    <subfield code="0">0</subfield>
    <subfield code="1">0</subfield>
    <subfield code="2">ddc</subfield>
    <subfield code="4">0</subfield>
    <subfield code="7">0</subfield>
    <subfield code="8">CSECS</subfield>
    <subfield code="a">PIET</subfield>
    <subfield code="b">PIET</subfield>
    <subfield code="d">2010-12-14</subfield>
    <subfield code="e">The book company</subfield>
    <subfield code="g">495.00</subfield>
    <subfield code="k">IN-5482</subfield>
    <subfield code="l">1</subfield>
    <subfield code="o">005.72 POC</subfield>
    <subfield code="p">17164</subfield>
    <subfield code="r">2025-03-13 00:00:00</subfield>
    <subfield code="s">2022-01-21</subfield>
    <subfield code="w">2010-12-09</subfield>
    <subfield code="y">BK</subfield>
    <subfield code="z">.</subfield>
  </datafield>
  <datafield tag="952" ind1=" " ind2=" ">
    <subfield code="0">0</subfield>
    <subfield code="1">0</subfield>
    <subfield code="2">ddc</subfield>
    <subfield code="4">0</subfield>
    <subfield code="7">0</subfield>
    <subfield code="8">CSECS</subfield>
    <subfield code="a">PIET</subfield>
    <subfield code="b">PIET</subfield>
    <subfield code="d">2010-12-14</subfield>
    <subfield code="e">The book company</subfield>
    <subfield code="g">495.00</subfield>
    <subfield code="k">IN-5482</subfield>
    <subfield code="l">0</subfield>
    <subfield code="o">005.72 POC</subfield>
    <subfield code="p">17165</subfield>
    <subfield code="r">2019-12-04 00:00:00</subfield>
    <subfield code="w">2010-12-09</subfield>
    <subfield code="y">BK</subfield>
  </datafield>
  <datafield tag="952" ind1=" " ind2=" ">
    <subfield code="0">0</subfield>
    <subfield code="1">0</subfield>
    <subfield code="2">ddc</subfield>
    <subfield code="4">0</subfield>
    <subfield code="7">0</subfield>
    <subfield code="8">CSECS</subfield>
    <subfield code="a">PIET</subfield>
    <subfield code="b">PIET</subfield>
    <subfield code="d">2010-12-14</subfield>
    <subfield code="e">The book company</subfield>
    <subfield code="g">495.00</subfield>
    <subfield code="k">IN-5482</subfield>
    <subfield code="l">0</subfield>
    <subfield code="o">005.72 POC</subfield>
    <subfield code="p">17166</subfield>
    <subfield code="r">2019-12-04 00:00:00</subfield>
    <subfield code="w">2010-12-09</subfield>
    <subfield code="y">BK</subfield>
  </datafield>
  <datafield tag="952" ind1=" " ind2=" ">
    <subfield code="0">0</subfield>
    <subfield code="1">0</subfield>
    <subfield code="2">ddc</subfield>
    <subfield code="4">0</subfield>
    <subfield code="7">0</subfield>
    <subfield code="8">CSECS</subfield>
    <subfield code="a">PIET</subfield>
    <subfield code="b">PIET</subfield>
    <subfield code="d">2010-12-14</subfield>
    <subfield code="e">The book company</subfield>
    <subfield code="g">495.00</subfield>
    <subfield code="k">IN-5482</subfield>
    <subfield code="l">0</subfield>
    <subfield code="o">005.72 POC</subfield>
    <subfield code="p">17167</subfield>
    <subfield code="r">2019-12-04 00:00:00</subfield>
    <subfield code="w">2010-12-09</subfield>
    <subfield code="y">BK</subfield>
  </datafield>
  <datafield tag="952" ind1=" " ind2=" ">
    <subfield code="0">0</subfield>
    <subfield code="1">0</subfield>
    <subfield code="2">ddc</subfield>
    <subfield code="4">0</subfield>
    <subfield code="7">0</subfield>
    <subfield code="8">CSECS</subfield>
    <subfield code="a">PIET</subfield>
    <subfield code="b">PIET</subfield>
    <subfield code="d">2010-12-14</subfield>
    <subfield code="e">The book company</subfield>
    <subfield code="g">495.00</subfield>
    <subfield code="k">IN-5482</subfield>
    <subfield code="l">0</subfield>
    <subfield code="o">005.72 POC</subfield>
    <subfield code="p">17168</subfield>
    <subfield code="r">2019-12-04 00:00:00</subfield>
    <subfield code="w">2010-12-09</subfield>
    <subfield code="y">BK</subfield>
  </datafield>
  <datafield tag="952" ind1=" " ind2=" ">
    <subfield code="0">0</subfield>
    <subfield code="1">0</subfield>
    <subfield code="2">ddc</subfield>
    <subfield code="4">0</subfield>
    <subfield code="7">0</subfield>
    <subfield code="8">CSECS</subfield>
    <subfield code="a">PIET</subfield>
    <subfield code="b">PIET</subfield>
    <subfield code="d">2010-12-14</subfield>
    <subfield code="e">The book company</subfield>
    <subfield code="g">495.00</subfield>
    <subfield code="k">IN-5482</subfield>
    <subfield code="l">0</subfield>
    <subfield code="o">005.72 POC</subfield>
    <subfield code="p">17169</subfield>
    <subfield code="r">2019-12-04 00:00:00</subfield>
    <subfield code="w">2010-12-09</subfield>
    <subfield code="y">BK</subfield>
  </datafield>
</record>
